<?xml version="1.0" encoding="UTF-8"?>
<record
    xmlns:xsi="http://www.w3.org/2001/XMLSchema-instance"
    xsi:schemaLocation="http://www.loc.gov/MARC21/slim http://www.loc.gov/standards/marcxml/schema/MARC21slim.xsd"
    xmlns="http://www.loc.gov/MARC21/slim">

  <leader>02595nam a22003377a 4500</leader>
  <controlfield tag="005">2012011005595.0</controlfield>
  <datafield tag="010" ind1=" " ind2=" ">
    <subfield code="a">B-482632-642</subfield>
  </datafield>
  <datafield tag="020" ind1=" " ind2=" ">
    <subfield code="a">9788179635445</subfield>
    <subfield code="c">45.00</subfield>
  </datafield>
  <datafield tag="035" ind1=" " ind2=" ">
    <subfield code="a">B-482632-642</subfield>
  </datafield>
  <datafield tag="037" ind1=" " ind2=" ">
    <subfield code="a">DPL</subfield>
    <subfield code="b">Blue Berry/Ven</subfield>
  </datafield>
  <datafield tag="082" ind1=" " ind2=" ">
    <subfield code="a">S</subfield>
  </datafield>
  <datafield tag="245" ind1=" " ind2=" ">
    <subfield code="a">Snow White and the Seven Dwarfs ; Gingerbread Man /</subfield>
  </datafield>
  <datafield tag="260" ind1=" " ind2=" ">
    <subfield code="a">Mumbai</subfield>
    <subfield code="b">Shree Book Centre</subfield>
  </datafield>
  <datafield tag="270" ind1=" " ind2=" ">
    <subfield code="a">8 kakad industrial Estate-S.Keer Road (off.L.J. Road matunga west</subfield>
    <subfield code="b">Mumbai</subfield>
    <subfield code="e">400016</subfield>
    <subfield code="k">24377513/24374559</subfield>
    <subfield code="l">91-22-24309183</subfield>
    <subfield code="m">sales@shreebookcentre.com</subfield>
  </datafield>
  <datafield tag="300" ind1=" " ind2=" ">
    <subfield code="a">unpaged</subfield>
    <subfield code="b">Col.ill</subfield>
    <subfield code="c">23cm (pbk)</subfield>
  </datafield>
  <datafield tag="490" ind1=" " ind2=" ">
    <subfield code="a">My Best Loved fairy Tales</subfield>
    <subfield code="9">53283</subfield>
  </datafield>
  <datafield tag="500" ind1=" " ind2=" ">
    <subfield code="a">2 in 1 Large Print</subfield>
  </datafield>
  <datafield tag="942" ind1=" " ind2=" ">
    <subfield code="2">ddc</subfield>
    <subfield code="c">CH</subfield>
    <subfield code="h">S</subfield>
    <subfield code="m">SNO</subfield>
  </datafield>
  <datafield tag="999" ind1=" " ind2=" ">
    <subfield code="c">60664</subfield>
    <subfield code="d">60664</subfield>
  </datafield>
  <datafield tag="952" ind1=" " ind2=" ">
    <subfield code="0">0</subfield>
    <subfield code="1">0</subfield>
    <subfield code="4">0</subfield>
    <subfield code="7">0</subfield>
    <subfield code="8">FIC</subfield>
    <subfield code="a">BL1</subfield>
    <subfield code="b">BL1</subfield>
    <subfield code="d">2012-10-19</subfield>
    <subfield code="e">Blue Berry/IN8553/28.04.2012/43/20.03.2012/19.06.2012</subfield>
    <subfield code="g">45.00</subfield>
    <subfield code="l">2</subfield>
    <subfield code="m">2</subfield>
    <subfield code="o">S SNO</subfield>
    <subfield code="p">B-482632</subfield>
    <subfield code="r">2023-04-15 00:00:00</subfield>
    <subfield code="s">2023-03-18</subfield>
    <subfield code="t">1</subfield>
    <subfield code="v">45.00</subfield>
    <subfield code="w">2012-10-19</subfield>
    <subfield code="y">CH</subfield>
  </datafield>
  <datafield tag="952" ind1=" " ind2=" ">
    <subfield code="0">0</subfield>
    <subfield code="1">5</subfield>
    <subfield code="4">0</subfield>
    <subfield code="7">0</subfield>
    <subfield code="8">FIC</subfield>
    <subfield code="a">KGM</subfield>
    <subfield code="b">KGM</subfield>
    <subfield code="d">2012-10-19</subfield>
    <subfield code="e">Blue Berry/IN8553/28.04.2012/43/20.03.2012/19.06.2012</subfield>
    <subfield code="g">45.00</subfield>
    <subfield code="l">0</subfield>
    <subfield code="o">S SNO</subfield>
    <subfield code="p">B-482633</subfield>
    <subfield code="r">2012-10-19 00:00:00</subfield>
    <subfield code="t">1</subfield>
    <subfield code="v">45.00</subfield>
    <subfield code="y">CH</subfield>
  </datafield>
  <datafield tag="952" ind1=" " ind2=" ">
    <subfield code="0">0</subfield>
    <subfield code="1">0</subfield>
    <subfield code="4">0</subfield>
    <subfield code="7">0</subfield>
    <subfield code="8">FIC</subfield>
    <subfield code="a">PR</subfield>
    <subfield code="b">PR</subfield>
    <subfield code="d">2012-10-19</subfield>
    <subfield code="e">Blue Berry/IN8553/28.04.2012/43/20.03.2012/19.06.2012</subfield>
    <subfield code="g">45.00</subfield>
    <subfield code="l">0</subfield>
    <subfield code="o">S SNO</subfield>
    <subfield code="p">B-482634</subfield>
    <subfield code="r">2012-10-19 00:00:00</subfield>
    <subfield code="t">1</subfield>
    <subfield code="v">45.00</subfield>
    <subfield code="w">2012-10-19</subfield>
    <subfield code="y">CH</subfield>
  </datafield>
  <datafield tag="952" ind1=" " ind2=" ">
    <subfield code="0">0</subfield>
    <subfield code="1">0</subfield>
    <subfield code="4">0</subfield>
    <subfield code="7">0</subfield>
    <subfield code="8">FIC</subfield>
    <subfield code="a">TN</subfield>
    <subfield code="b">TN</subfield>
    <subfield code="d">2012-10-19</subfield>
    <subfield code="e">Blue Berry/IN8553/28.04.2012/43/20.03.2012/19.06.2012</subfield>
    <subfield code="g">45.00</subfield>
    <subfield code="l">0</subfield>
    <subfield code="o">S SNO</subfield>
    <subfield code="p">B-482635</subfield>
    <subfield code="r">2012-10-19 00:00:00</subfield>
    <subfield code="t">1</subfield>
    <subfield code="v">45.00</subfield>
    <subfield code="w">2012-10-19</subfield>
    <subfield code="y">CH</subfield>
  </datafield>
  <datafield tag="952" ind1=" " ind2=" ">
    <subfield code="0">0</subfield>
    <subfield code="1">0</subfield>
    <subfield code="4">0</subfield>
    <subfield code="7">0</subfield>
    <subfield code="8">FIC</subfield>
    <subfield code="a">CJ</subfield>
    <subfield code="b">CJ</subfield>
    <subfield code="d">2012-10-19</subfield>
    <subfield code="e">Blue Berry/IN8553/28.04.2012/43/20.03.2012/19.06.2012</subfield>
    <subfield code="g">45.00</subfield>
    <subfield code="l">0</subfield>
    <subfield code="o">S SNO</subfield>
    <subfield code="p">B-482636</subfield>
    <subfield code="r">2012-10-19 00:00:00</subfield>
    <subfield code="t">1</subfield>
    <subfield code="v">45.00</subfield>
    <subfield code="w">2012-10-19</subfield>
    <subfield code="y">CH</subfield>
  </datafield>
  <datafield tag="952" ind1=" " ind2=" ">
    <subfield code="0">0</subfield>
    <subfield code="1">0</subfield>
    <subfield code="4">0</subfield>
    <subfield code="7">0</subfield>
    <subfield code="8">FIC</subfield>
    <subfield code="a">JP</subfield>
    <subfield code="b">JP</subfield>
    <subfield code="d">2012-10-19</subfield>
    <subfield code="e">Blue Berry/IN8553/28.04.2012/43/20.03.2012/19.06.2012</subfield>
    <subfield code="g">45.00</subfield>
    <subfield code="l">22</subfield>
    <subfield code="m">2</subfield>
    <subfield code="o">S SNO</subfield>
    <subfield code="p">B-482637</subfield>
    <subfield code="r">2016-01-06 00:00:00</subfield>
    <subfield code="s">2015-12-23</subfield>
    <subfield code="t">1</subfield>
    <subfield code="v">45.00</subfield>
    <subfield code="w">2012-10-19</subfield>
    <subfield code="y">CH</subfield>
  </datafield>
  <datafield tag="952" ind1=" " ind2=" ">
    <subfield code="0">0</subfield>
    <subfield code="1">0</subfield>
    <subfield code="4">0</subfield>
    <subfield code="7">0</subfield>
    <subfield code="8">FIC</subfield>
    <subfield code="a">BN</subfield>
    <subfield code="b">BN</subfield>
    <subfield code="d">2012-10-19</subfield>
    <subfield code="e">Blue Berry/IN8553/28.04.2012/43/20.03.2012/19.06.2012</subfield>
    <subfield code="g">45.00</subfield>
    <subfield code="l">1</subfield>
    <subfield code="o">S SNO</subfield>
    <subfield code="p">B-482638</subfield>
    <subfield code="r">2023-03-31 00:00:00</subfield>
    <subfield code="s">2023-03-16</subfield>
    <subfield code="t">1</subfield>
    <subfield code="v">45.00</subfield>
    <subfield code="y">CH</subfield>
  </datafield>
  <datafield tag="952" ind1=" " ind2=" ">
    <subfield code="0">0</subfield>
    <subfield code="1">5</subfield>
    <subfield code="4">0</subfield>
    <subfield code="7">0</subfield>
    <subfield code="8">FIC</subfield>
    <subfield code="a">NRR</subfield>
    <subfield code="b">NRR</subfield>
    <subfield code="d">2012-10-19</subfield>
    <subfield code="e">Blue Berry/IN8553/28.04.2012/43/20.03.2012/19.06.2012</subfield>
    <subfield code="g">45.00</subfield>
    <subfield code="l">0</subfield>
    <subfield code="o">S SNO</subfield>
    <subfield code="p">B-482639</subfield>
    <subfield code="r">2012-10-19 00:00:00</subfield>
    <subfield code="t">1</subfield>
    <subfield code="v">45.00</subfield>
    <subfield code="y">CH</subfield>
  </datafield>
  <datafield tag="952" ind1=" " ind2=" ">
    <subfield code="0">0</subfield>
    <subfield code="1">0</subfield>
    <subfield code="4">0</subfield>
    <subfield code="7">0</subfield>
    <subfield code="8">FIC</subfield>
    <subfield code="a">BKK</subfield>
    <subfield code="b">BKK</subfield>
    <subfield code="d">2012-10-19</subfield>
    <subfield code="e">Blue Berry/IN8553/28.04.2012/43/20.03.2012/19.06.2012</subfield>
    <subfield code="g">45.00</subfield>
    <subfield code="l">0</subfield>
    <subfield code="o">S SNO</subfield>
    <subfield code="p">B-482640</subfield>
    <subfield code="r">2012-10-19 00:00:00</subfield>
    <subfield code="t">1</subfield>
    <subfield code="v">45.00</subfield>
    <subfield code="w">2012-10-19</subfield>
    <subfield code="y">CH</subfield>
  </datafield>
  <datafield tag="952" ind1=" " ind2=" ">
    <subfield code="0">0</subfield>
    <subfield code="1">0</subfield>
    <subfield code="4">0</subfield>
    <subfield code="7">0</subfield>
    <subfield code="8">FIC</subfield>
    <subfield code="a">NR</subfield>
    <subfield code="b">NR</subfield>
    <subfield code="d">2012-10-19</subfield>
    <subfield code="e">Blue Berry/IN8553/28.04.2012/43/20.03.2012/19.06.2012</subfield>
    <subfield code="g">45.00</subfield>
    <subfield code="l">0</subfield>
    <subfield code="o">S SNO</subfield>
    <subfield code="p">B-482641</subfield>
    <subfield code="r">2012-10-19 00:00:00</subfield>
    <subfield code="t">1</subfield>
    <subfield code="v">45.00</subfield>
    <subfield code="w">2012-10-19</subfield>
    <subfield code="y">CH</subfield>
  </datafield>
  <datafield tag="952" ind1=" " ind2=" ">
    <subfield code="0">0</subfield>
    <subfield code="1">0</subfield>
    <subfield code="4">0</subfield>
    <subfield code="7">0</subfield>
    <subfield code="8">FIC</subfield>
    <subfield code="a">BN</subfield>
    <subfield code="b">BN</subfield>
    <subfield code="d">2012-10-19</subfield>
    <subfield code="e">Blue Berry/IN8553/28.04.2012/43/20.03.2012/19.06.2012</subfield>
    <subfield code="g">45.00</subfield>
    <subfield code="l">0</subfield>
    <subfield code="o">S SNO</subfield>
    <subfield code="p">B-482642</subfield>
    <subfield code="r">2012-10-19 00:00:00</subfield>
    <subfield code="t">1</subfield>
    <subfield code="v">45.00</subfield>
    <subfield code="w">2012-10-19</subfield>
    <subfield code="y">CH</subfield>
  </datafield>
</record>
